Ética y responsabilidad social en la empresa /

Detalles Bibliográficos
Autores principales: Chomalí, Fernando (Autor), Majluf, Nicolás S., 1945- (Autor)
Formato: Electrónico eBook
Lenguaje:español
Publicado: Santiago, Chile : Ediciones UC, [2016]
Materias:
Acceso en línea:Digitalia Hispánica

MARC

LEADER 00000nam a2200000Ii 4500
001 DIGUCCH0285
003 NyNyDIG
006 m o d
007 cr |||||||||||
008 250801s2016 cl ob 000 0 spa d
035 |a (OCoLC)1531994450 
040 |a DGITA  |b eng  |e rda  |e pn  |c DGITA 
020 |a 9789561418165  |q digital 
020 |z 9789561420342 
050 1 4 |a HF5387 ebook 
100 1 |a Chomalí, Fernando,  |e author. 
245 1 0 |a Ética y responsabilidad social en la empresa /  |c Fernando Chomalí, Nicolás Majluf. 
264 1 |a Santiago, Chile :  |b Ediciones UC,  |c [2016] 
300 |a 1 online resource. 
336 |a text  |b txt  |2 rdacontent 
337 |a computer  |b c  |2 rdamedia 
338 |a online resource  |b cr  |2 rdacarrier 
347 |a text file  |2 rdaft 
347 |b EPUB 
504 |a Includes bibliographical references. 
588 0 |a Online resource; title from ePub title page (Digitalia, viewed August 1, 2025) 
650 0 |a Business ethics. 
650 0 |a Social responsibility of business. 
700 1 |a Majluf, Nicolás S.,  |d 1945-  |e author. 
776 0 8 |i Print version:  |a Chomalí, Fernando.  |t Ética y responsabilidad social en la empresa.  |d Santiago, Chile : Ediciones UC, [2016]  |z 9789561420342 
791 2 |a Digitalia (Firm),  |e distributor. 
793 0 |g Digitalia eBook Collection:  |a Universidad Católica de Chile 
856 4 0 |3 Digitalia Hispánica  |u https://www.digitaliapublishing.com/a/175584/ 
910 |a Premium collection: 2025